| 000 | 01065cam a22002651 4500 | ||
|---|---|---|---|
| 001 | agr39000047 | ||
| 003 | DLC | ||
| 005 | 20260227110957.0 | ||
| 008 | 920915s1939 dcu b f000 0 eng | ||
| 010 | _aagr39000047 | ||
| 035 | _a(OCoLC)26608128 | ||
| 040 |
_aDLC _cNNC _dDLC |
||
| 042 | _apremarc | ||
| 050 | 0 | 0 |
_aZ5074.E3 _bU35 no. 77 |
| 110 | 1 |
_aUnited States. _bBureau of Agricultural Economics. _bLibrary. |
|
| 245 | 0 | 0 |
_aPart-time farming in the United States; _ba selected list of references. _cCompiled by Helen E. Hennefrund under the direction of Mary G. Lacy ... |
| 260 |
_aWashington, _c1939. |
||
| 300 |
_avi, 272 p. _c27 cm. |
||
| 410 | 1 | 0 |
_aUnited States. _bBureau of Agricultural Economics. _bLibrary. _tAgricultural economics bibliography _vno. 77 |
| 500 | _aAt head of title: United States Department of Agriculture. Bureau of Agricultural Economics ... | ||
| 500 | _aMimeographed. | ||
| 504 | _a"Sources consulted": p. vi. | ||
| 650 | 0 |
_aAgriculture _xEconomic aspects _vBibliography. |
|
| 700 | 1 |
_aHennefrund, Helen Emma, _d1909- _ejoint author. |
|
| 999 |
_c9929 _d9929 |
||